000 00918nam a22003017a 4500
003 CHAP
005 20220329140153.0
008 971013s1985 r 00010 d
010 _a48024
011 _a48996
035 _a53144
040 _cCHAP
090 _aFolleto 8200
100 0 0 _aVasudeva, Rao M.J.
_9118189
245 _aTechniques for screening sorghums for resistance to Striga
260 _aPatancheru :
_bICRISAT,
_c1985
300 _a18 p.
_b: ilus.
490 _aInformation bulletin
_v; 20
590 _aBATCH-UPD
_b10
_c20130110
_lUCH01
_h2216
590 _aCONVERSION
_b10
_c20130109
_lUCH01
_h1326
650 1 4 _aSorgo
_xEnfermedades.
_9108662
650 1 4 _aStriga.
_9110001
830 0 _aInformation bulletin
_v; 20
_958099
901 _aBK
942 _cFOLL
949 _aFolleto 8200
_bBC
_cFOLL
_d-118014
_eTS1
_i53144
_mD
_si
949 _aFolleto 8200
_bBC
_cFOLL
_d-118015
_eTS2
_fc.2
_i53144
_mD
_si
999 _c48024
_d48024